Amtrak Routes Map Quiz - Statistics

General Stats
  • This quiz has been taken 1,023 times
  • The average score is 17 of 35
Answers on the Map
Answers color-coded by a green-red scale on the quiz's map according to % correct below.
 
Answer Stats
Answer % Correct
Illinois Service
71%
California Zephyr
67%
Michigan Services
67%
Maple Leaf
64%
Acela
63%
City of New Orleans
62%
Empire Builder
62%
Amtrak Cascades
60%
Southwest Chief
60%
Missouri River Runner
58%
Pennsylvanian
57%
Pacific Surfliner
56%
Vermonter
56%
Lake Shore Limited
53%
Coast Starlight
51%
Texas Eagle
51%
San Joaquins
48%
Downeaster
47%
Adirondack
46%
Keystone Service
46%
Amtrak Hartford Line
45%
Heartland Flyer
45%
Hiawatha
45%
Silver Service/Palmetto
45%
Sunset Limited
45%
Capitol Limited
43%
Cardinal
43%
Crescent
42%
Empire Service
40%
Auto Train
39%
Capitol Corridor
37%
Northeast Regional
37%
Ethan Allen Express
36%
Carolinian/Piedmont
28%
Valley Flyer
23%
No matching quizzes found
Score Distribution
Percent of People with Each Score
Percentile by Number Answered
Your Score History
You have not taken this quiz